Històries per a una història: el Castell de Montesquiu i el terme de Besora als segles XIV i XVII / Ramon Espadaler Parcerisas el Castell de Montesquiu i el terme de Besora als segles XIV i XVII / Ramon Espadaler Parcerisas
Descripción Física:
59 p. : 30 cm
MARC
| LEADER | 00000nam a2200000Ia 4500 | ||
|---|---|---|---|
| 001 | 18543 | ||
| 008 | 160829s1997 xx 000 0 cat d | ||
| 080 | |a H-3-6 | ||
| 100 | |a Espadaler i Parcerisas, Ramon |9 35248 | ||
| 245 | |a Històries per a una història: |b el Castell de Montesquiu i el terme de Besora als segles XIV i XVII / Ramon Espadaler Parcerisas | ||
| 260 | |a [s.l. : |b s.n.], |c 1997 | ||
| 300 | |a 59 p. : |b 30 cm | ||
| 590 | |a Bibliografia. | ||
| 590 | |a Exemplar ciclostilat | ||
| 650 | |a Montesquiu, Castell de |x Història |x S. XIV |9 44649 | ||
| 650 | |a Montesquiu, Castell de |x Història |x S. XVII |9 44650 | ||
| 650 | |a Besora |x Història |x S. XIV I |9 44651 | ||
| 650 | |a Besora |x Història |x S. XVII |9 44652 | ||
| 901 | |a Arxiu | ||
| 942 | |n 1 | ||
| 952 | |0 0 |1 0 |4 0 |6 H36 |7 1 |9 52069 |a Arxiu |b Arxiu |d 2016-12-01 |l 0 |o H-3-6 |p 18543 |r 2016-12-01 00:00:00 |w 2016-12-01 |y ARXIU | ||
| 999 | |c 55917 |d 55917 | ||